Fallout 3 Quiz - Statistics

General Stats
  • This quiz has been taken 48 times
  • The average score is 24 of 55
Answer Stats
Hint Answer % Correct
Name of the protagonist's dad James
83%
Faction that wears power armor Brotherhood of Steel
73%
Company that produces all kinds of robots and mechanics RobCo
73%
The Underworld is a location inhabited by ______ Ghouls
71%
Name of the gadget you wear on your arm Pip-Boy
71%
Name of the character you play as The Lone Wanderer
71%
Radio host found in GNR Three Dog
71%
Amata is the Overseer's ________ Daughter
66%
Vault which hides the G.E.C.K Vault 87
66%
Most common human enemies of Fallout 3 Raiders
61%
Enemies found in downtown DC Super Mutants
61%
Elder of the faction above Elder Lyons
59%
Voice actor of Dad Liam Neeson
59%
Aiming system which stops time V.A.T.S.
59%
Perk that explodes an enemy in a blood-ridden paste Bloody Mess
56%
Leader of the Tunnel Snakes Butch
56%
Radio host found in Raven Rock John Henry Eden
56%
Location in which Fallout 3 is in The Capital Wasteland
56%
Main antagonist of the game The Enclave
56%
Mutated Bear, or a ________ Yao Guai
56%
How many bobbleheads can be found in the base game of Fallout 3 20
54%
Companion found in Scrapyard Dogmeat
54%
Companion found in Vault 87 Fawkes
51%
Slaver's main residence in Fallout 3 Paradise Falls
51%
Place where children of Little Lamplight go when they grow up Big Town
49%
Name of the company that hunts you when you have Good karma Talon Company
49%
Enemies found in underground subways Feral Ghouls
46%
Sheriff of Megaton Lucas Simms
46%
Most annoying character found in Megaton Moira Brown
46%
Most dangerous enemy robot Sentry Bot
46%
Big tower in the bottom left corner of the map Tenpenny Tower
46%
Name of the Escaped Synth from the Commonwealth Harkness
44%
Companion found in Megaton (required Bad Karma) Jericho
44%
A powerful variant of the enemy above Glowing One
41%
What nickname do the children give to adults in Little Lamplight Mungo
39%
Companion found in the Underworld Charon
37%
Name of the place swarmed by fire ants Grayditch
34%
Gold plated unique weapon found in the Museum of History Lincoln's Repeater
34%
Character that gives you the 'Stealing Indepenence' quest Abraham
32%
Daughter of the Elder above Sarah
32%
Perk that grants you an extra S.P.E.C.I.A.L point Intense Training
27%
Name of the friendly super mutant wandering the wastes Uncle Leo
27%
Character that gives the 'Blood Lines' quest in Megaton Lucy West
24%
Location in the upper right corner where deathclaws roam Old Olney
24%
Ghoul that tries to get in this tower Roy Phillips
24%
Name of the character's mother Catherine
22%
Name of the unique weapon found in Evergreen Mills The Terrible Shotgun
22%
Name of the protectron guarding the Declaration of Independance Button Gwinnett
15%
Energy weapon carried by #47 later on Gatling Laser
15%
Companion found in The Citadel (required Good Karma) Star Paladin Cross
15%
Name of the cemetary located in DC in Fallout 3 Arlington Cemetary
12%
Name of enemies which are often paired by #37 Centaurs
12%
Name of the vendor that sells you a robot if you have neutral karma Tinker Joe
12%
Merchant that sells the unique weapon (#4) Smiling Jack
7%
Grandma Sprakle's home Wilhelm's Wharf
7%
No matching quizzes found
Score Distribution
Percent of People with Each Score
Percentile by Number Answered
Your Score History
You have not taken this quiz